The Scandinavian market '67 : (Record no. 162633)
[ view plain ]
| 000 -LEADER | |
|---|---|
| fixed length control field | 00650cam0a220020500 4500 |
| 001 - CONTROL NUMBER | |
| control field | tmp15411761 |
| 003 - CONTROL NUMBER IDENTIFIER | |
| control field | UPRA |
| 005 - DATE AND TIME OF LATEST TRANSACTION | |
| control field | 20190826100802.0 |
| 008 - FIXED-LENGTH DATA ELEMENTS--GENERAL INFORMATION | |
| fixed length control field | 950808s1967 sz eng u |
| 035 ## - SYSTEM CONTROL NUMBER | |
| System control number | (Sirsi) r104002 |
| 035 ## - SYSTEM CONTROL NUMBER | |
| System control number | (UPRA)tmp15411761 |
| 040 ## - CATALOGING SOURCE | |
| Transcribing agency | UPRA |
| 110 2# - MAIN ENTRY--CORPORATE NAME | |
| Corporate name or jurisdiction name as entry element | Nordfinanz-Bank Zurich. |
| Linkage | A61208.1 |
| 245 14 - TITLE STATEMENT | |
| Title | The Scandinavian market '67 : |
| Remainder of title | a statistical survey of the four Scandinavian countries. |
| 246 30 - VARYING FORM OF TITLE | |
| Title proper/short title | Scandinavian market, 1967 |
| 260 ## - PUBLICATION, DISTRIBUTION, ETC. | |
| Place of publication, distribution, etc. | Zurich, |
| Date of publication, distribution, etc. | 1967. |
| 651 #0 - SUBJECT ADDED ENTRY--GEOGRAPHIC NAME | |
| Geographic name | Scandinavia -- Statistics. |
| General subdivision | Scandinavia -- Statistics. |
| Linkage | S47475.1 |
| 949 ## - LOCAL PROCESSING INFORMATION (OCLC) | |
| a | DL3 |
| w | lcc |
| i | -147941 |
| m | MAIN |
| t | BOOK |
| l | ON-SHELF |
No items available.